000 00521nam a2200181Ia 4500
005 20250508161706.0
008 008 250505s9999 xx 000 0 eng d
037 _aTextual
040 _aFEDL
_beng
_cFEDL
041 _aeng
_2eng
084 _aB, SNE
_qFEDL
100 _aDrost Walter H
_9139804
245 0 _aDavid snedden and education for social efficiency
260 _aMadison, USA
_bThe University of Wisconsin Press
_c1967
300 _a242p.
942 _cTEXL
_hB, SNE
999 _c1371583
_d1371583